Types of rural economy; (Record no. 18704)
[ view plain ]
| 000 -LEADER | |
|---|---|
| fixed length control field | 01012cam a2200337 4500 |
| 001 - CONTROL NUMBER | |
| control field | 3695509 |
| 003 - CONTROL NUMBER IDENTIFIER | |
| control field | OSt |
| 005 - DATE AND TIME OF LATEST TRANSACTION | |
| control field | 20251128104021.0 |
| 008 - FIXED-LENGTH DATA ELEMENTS--GENERAL INFORMATION | |
| fixed length control field | 700528s1970 enkab bs 000 0 eng |
| 010 ## - LIBRARY OF CONGRESS CONTROL NUMBER | |
| LC control number | 78471700 |
| 020 ## - INTERNATIONAL STANDARD BOOK NUMBER | |
| International Standard Book Number | 0416182801 |
| 020 ## - INTERNATIONAL STANDARD BOOK NUMBER | |
| International Standard Book Number | 9780416182804 |
| 035 ## - SYSTEM CONTROL NUMBER | |
| System control number | 3695509 |
| 040 ## - CATALOGING SOURCE | |
| Original cataloging agency | SEKU |
| 050 00 - LIBRARY OF CONGRESS CALL NUMBER | |
| Classification number | HD1415 |
| Item number | .D773 1970 |
| 082 00 - DEWEY DECIMAL CLASSIFICATION NUMBER | |
| Classification number | 338.1 |
| 100 1# - MAIN ENTRY--PERSONAL NAME | |
| Personal name | Dumont, René, |
| Dates associated with a name | 1904- |
| 240 10 - UNIFORM TITLE | |
| Uniform title | <a href="Ećonomie agricole dans le monde.">Ećonomie agricole dans le monde.</a> |
| Language of a work | English |
| 245 10 - TITLE STATEMENT | |
| Title | Types of rural economy; |
| Remainder of title | studies in world agriculture. |
| 260 ## - PUBLICATION, DISTRIBUTION, ETC. (IMPRINT) | |
| Place of publication, distribution, etc. | London, |
| Name of publisher, distributor, etc. | Methuen |
| Date of publication, distribution, etc. | [1970] |
| 300 ## - PHYSICAL DESCRIPTION | |
| Extent | xii, 532 p. |
| 336 ## - CONTENT TYPE | |
| Content type term | text |
| Content type code | txt |
| Source | rdacontent |
| 337 ## - MEDIA TYPE | |
| Media type term | unmediated |
| Media type code | n |
| Source | rdamedia |
| 338 ## - CARRIER TYPE | |
| Carrier type term | volume |
| Carrier type code | nc |
| Source | rdacarrier |
| 490 0# - SERIES STATEMENT | |
| Series statement | University paperbacks, |
| Volume/sequential designation | 336 |
| 500 ## - GENERAL NOTE | |
| General note | Distributed in the U.S.A. by Barnes and Noble. |
| 500 ## - GENERAL NOTE | |
| General note | Translation of Économie agricole dans le monde. |
| 504 ## - BIBLIOGRAPHY, ETC. NOTE | |
| Bibliography, etc | Includes bibliographical references. |
| 650 #0 - SUBJECT ADDED ENTRY--TOPICAL TERM | |
| Topical term or geographic name as entry element | Agriculture |
| General subdivision | Economic aspects. |
| 942 ## - ADDED ENTRY ELEMENTS (KOHA) | |
| Source of classification or shelving scheme | Library of Congress Classification |
| Koha item type | General circulation |
| Withdrawn status | Lost status | Source of classification or shelving scheme | Damaged status | Not for loan | Home library | Current library | Shelving location | Date acquired | Source of acquisition | Total Checkouts | Full call number | Barcode | Date last seen | Price effective from | Koha item type |
|---|---|---|---|---|---|---|---|---|---|---|---|---|---|---|---|
| Library of Congress Classification | SEHSS - Library | SEHSS - Library | General Stacks | 28/11/2025 | Donation | HD1415 .D773 1970 | 2023/026201 | 28/11/2025 | 28/11/2025 | General circulation |